| 000 | 00533nam a2200181Ia 4500 | ||
|---|---|---|---|
| 003 | LK-CoDNM | ||
| 008 | 010623t xxu||||| |||| 00| 1 sin d | ||
| 040 |
_aLK-CoDNM _dLK-CoDNM _eLK-CoDNM |
||
| 041 | _asin | ||
| 080 |
_a030.8 _bANT |
||
| 100 | _aAnthony,D.J. | ||
| 245 | _aකතෝලිකයනට ප්රයෝජනවත් වචනා මාලාව | ||
| 246 | _aA Vocabulary useful for Catholics | ||
| 300 | _b100p., 21 cm | ||
| 650 | _aCatholics Dictionary | ||
| 650 | _aEnglish-Sinhala Dictionary | ||
| 942 | _cBK | ||
| 999 |
_c137719 _d137719 |
||